| 000 | 00547nam a22001577a 4500 | ||
|---|---|---|---|
| 003 | NUST | ||
| 082 | _a610 | ||
| 100 |
_aUllah, Azmat _9121733 |
||
| 245 |
_aFunctional sensitivity of Multiband Echo-planar imaging in subcortical region / _cAzmat Ullah |
||
| 264 |
_aIslamabad: _bSMME- NUST. _c2019. |
||
| 300 |
_a62p. ; _bSoft Copy , _c30cm. |
||
| 650 |
_aMS Biomedical Engineering (BME) _9119509 |
||
| 700 |
_aSupervisor : Dr. Syed Omer Gilani _9119645 |
||
| 856 | _uhttp://10.250.8.41:8080/xmlui/handle/123456789/8437 | ||
| 942 |
_2ddc _cTHE |
||
| 999 |
_c608518 _d608518 |
||